000 01102nmc a2200409 a 4500
003 AR-BaBNM
005 20251128205002.0
008 046019s1995 ||||||||||||||000 | spa||
020 _a950-581-644-8
040 _cAR-BaBNM
100 1 _aItzcovich, Susana
245 1 0 _aVeinte años no es nada
_bla literatura y la cultura para niños vista desde el periodismo
260 _aBuenos Aires
_bColihue
_c1995
300 0 _a155 p.
490 0 _aNuevos caminos
504 _aContiene bibliografía en p. 145-155
600 1 4 _aWalsh, María Elena
600 1 4 _aIturralde Rua, Víctor
600 1 4 _aPastoriza de Etchebarne, Dora
600 1 4 _aTulian, Aldo
600 1 4 _aVillafañe, Javier
600 0 4 _aPipo Pescador
600 1 4 _aFerro, Beatriz
600 1 4 _aLijtzain, Pablo
610 2 4 _aPlaza Sésamo
650 4 _aLITERATURA INFANTIL
650 4 _aPERIODISMO
650 4 _aENSAYO
650 4 _aTELEVISION
650 4 _aCULTURA
650 4 _aSOCIEDAD
650 4 _aENTREVISTAS
650 4 _aLIBROS PARA NINOS
655 _aLITERATURA
942 _cBK
998 _cisola
999 _c9582
_d9582